Business communication (Record no. 216231)
[ view plain ]
| 000 -LEADER | |
|---|---|
| fixed length control field | 00456nam a2200181Ia 4500 |
| 008 - FIXED-LENGTH DATA ELEMENTS--GENERAL INFORMATION | |
| fixed length control field | 231221s9999 xx 000 0 und d |
| 020 ## - INTERNATIONAL STANDARD BOOK NUMBER | |
| International Standard Book Number | 9780000000000 |
| 041 ## - LANGUAGE CODE | |
| Language code of text/sound track or separate title | English |
| 082 ## - DEWEY DECIMAL CLASSIFICATION NUMBER | |
| Classification number | 651.4 RAM;3 R |
| 100 ## - MAIN ENTRY--PERSONAL NAME | |
| Personal name | Raman, Meenakshi. Singh, Prakash. |
| 245 #0 - TITLE STATEMENT | |
| Title | Business communication |
| 250 ## - EDITION STATEMENT | |
| Edition statement | 2nd ed. |
| 260 ## - PUBLICATION, DISTRIBUTION, ETC. | |
| Date of publication, distribution, etc. | 2012 |
| Name of publisher, distributor, etc. | Oxford University Press |
| Place of publication, distribution, etc. | New Delhi |
| 300 ## - PHYSICAL DESCRIPTION | |
| Extent | xvii,650 |
| 300 ## - PHYSICAL DESCRIPTION | |
| Dimensions | CD6176 |
| 500 ## - GENERAL NOTE | |
| General note | E.-509 |
| 942 ## - ADDED ENTRY ELEMENTS (KOHA) | |
| Koha item type | Hotel Management Library |
| Date last seen | Total checkouts | Full call number | Accession number | Date last checked out | Cost, total (INR) price | Price effective from | Category | Lost status | Damaged status | Department | Withdrawn status | Home library | Current library | Shelving location | Entry date | Vendor | Cost, normal purchase price | Grants | Billnumber | Billdate | Currency symbol | Conversion rate | Discount | Old discount |
|---|---|---|---|---|---|---|---|---|---|---|---|---|---|---|---|---|---|---|---|---|---|---|---|---|
| 26/01/2024 | 651.4 RAM;3 | CD6176 | 26/01/2024 | Compact Disks | HEM | Central Library | Central Library | BHM | Book Paradise | HM | 73361 | 19/03/2021 | RS | 1 | ||||||||||
| 26/01/2024 | 651.4 RAM;4 R1 | HM1502 | 337.50 | 26/01/2024 | Hotel Management Library | HEM | Central Library | Central Library | HM | Book Paradise | 450.00 | HM | 73361 | 19/03/2021 | RS | 1 | 112.5 | 25 | ||||||
| 26/01/2024 | 651.4 RAM;4 | CD6177 | 26/01/2024 | Compact Disks | HEM | Central Library | Central Library | BHM | Book Paradise | HM | 73361 | 19/03/2021 | RS | 1 | ||||||||||
| 29/01/2026 | 3 | 651.4 RAM;3 R | HM1501 | 29/01/2026 | 337.50 | 26/01/2024 | Hotel Management Library | HEM | Central Library | RFID Kiosk | HM | Book Paradise | 450.00 | HM | 73361 | 19/03/2021 | RS | 1 | 112.5 | 25 |
